[Event "Najdorf Mem Open A 2016"]
[Site "Warsaw POL"]
[Date "2016.07.12"]
[Round "5.52"]
[White "Jaroch, Karol"]
[Black "Koksal, Ege"]
[Result "1-0"]
[BlackTitle "FM"]
[WhiteElo "2203"]
[BlackElo "2324"]
[WhiteFideId "1130609"]
[BlackFideId "6317626"]
[EventDate "2016.07.08"]

1. e4 e5 2. Nf3 Nc6 3. Bc4 Bc5 4. d3 Nf6 5. Nc3 d6 6. h3 Be6 7. Bb5 O-O 8. Bg5
Nd4 9. Ba4 h6 10. Bh4 c6 11. Nxd4 Bxd4 12. O-O g5 13. Bg3 Bxc3 14. bxc3 Qa5 15.
Bb3 Qxc3 16. h4 Kg7 17. f3 Qa5 18. hxg5 hxg5 19. d4 Nh5 20. Be1 Qb6 21. Bf2 Qd8
22. Bxe6 fxe6 23. dxe5 dxe5 24. Qb1 Nf4 25. Rd1 Qc7 26. Bc5 Rfd8 27. Qb4 Kf6 28.
Rab1 b6 29. Bd6 c5 30. Qd2 Qc6 31. g3 Ng6 32. f4 gxf4 33. Bxe5+ Kf7 34. Qh2 Nxe5
35. Qh7+ Kf6 36. Qh6+ Ng6 37. e5+ Kxe5 38. Qg5+ Ke4 39. Qxg6+ Ke3 40. Rd3+ Ke2
41. Qh5+ 1-0

[Event "Najdorf Mem Open A 2016"]
[Site "Warsaw POL"]
[Date "2016.07.12"]
[Round "5.53"]
[White "Warakomska, Anna"]
[Black "Jakubiec, Edyta"]
[Result "1-0"]
[WhiteTitle "WIM"]
[BlackTitle "WIM"]
[WhiteElo "2321"]
[BlackElo "2176"]
[WhiteFideId "1130790"]
[BlackFideId "1114158"]
[EventDate "2016.07.08"]

1. e4 c5 2. Nf3 d6 3. Bb5+ Nc6 4. O-O Bd7 5. Re1 Nf6 6. c3 a6 7. Bc4 b5 8. Bf1
e6 9. d4 Be7 10. a4 Rb8 11. axb5 axb5 12. d5 Ne5 13. Nxe5 dxe5 14. d6 Bf8 15. f4
exf4 16. Bxf4 g6 17. c4 Nh5 18. Be3 Qb6 19. e5 b4 20. Nd2 Bg7 21. Nb3 Rc8 22.
Nxc5 1-0

[Event "Najdorf Mem Open A 2016"]
[Site "Warsaw POL"]
[Date "2016.07.12"]
[Round "5.54"]
[White "Arat, Ufuk Sezen"]
[Black "Heinemann, Josefine"]
[Result "1-0"]
[WhiteTitle "IM"]
[BlackTitle "WIM"]
[WhiteElo "2402"]
[BlackElo "2216"]
[WhiteFideId "6309089"]
[BlackFideId "12900460"]
[EventDate "2016.07.08"]

1. e4 c5 2. Nc3 Nc6 3. g3 g6 4. Bg2 Bg7 5. d3 d6 6. Be3 e5 7. Qd2 Nge7 8. f4 O-O
9. Nf3 Nd4 10. O-O exf4 11. Bxf4 Nec6 12. Nxd4 Nxd4 13. Nd5 Be6 14. c3 Bxd5 15.
exd5 Nf5 16. g4 Ne7 17. Qe3 Qd7 18. Qg3 Rad8 19. a4 Be5 20. Bxe5 dxe5 21. c4 f6
22. h4 Rde8 23. Rae1 b6 24. Bh3 Kh8 25. Kh2 Qd6 26. g5 Ng8 27. Be6 Kg7 28. Kg2
fxg5 29. hxg5 Rf4 30. Rxe5 Rxf1 31. Kxf1 h6 32. Qe3 hxg5 33. Rxg5 Nh6 34. Kg1
Nf7 35. Rg3 Qe7 36. Qf4 Rh8 37. d4 Rh4 38. Qf5 Nh8 39. Qe5+ Qf6 40. Rf3 Qxe5 41.
dxe5 Rxc4 42. d6 Rd4 43. d7 g5 44. Bf5 Kf8 45. Rh3 Nf7 46. e6 Ne5 47. Rh8+ Ke7
48. Rh7+ Kf6 49. e7 1-0

[Event "Najdorf Mem Open A 2016"]
[Site "Warsaw POL"]
[Date "2016.07.12"]
[Round "5.55"]
[White "Klenburg, Michael"]
[Black "Winiarski, Mikolaj"]
[Result "0-1"]
[WhiteTitle "IM"]
[WhiteElo "2370"]
[BlackElo "2209"]
[WhiteFideId "14102072"]
[BlackFideId "1159984"]
[EventDate "2016.07.08"]

1. g3 d5 2. Bg2 c6 3. d3 e5 4. Nf3 Bd6 5. O-O Ne7 6. c4 O-O 7. Nbd2 h6 8. Qc2
Be6 9. b3 Nd7 10. Bb2 Rc8 11. Rac1 g5 12. Qb1 Ng6 13. cxd5 cxd5 14. Rxc8 Qxc8
15. Rc1 Qb8 16. e4 d4 17. Nc4 Be7 18. Rc2 b6 19. Qd1 Rc8 20. Ne1 b5 21. Na5 Rxc2
22. Nxc2 Qb6 23. Qd2 Bd8 24. b4 Bxa2 25. h4 gxh4 26. Qxh6 hxg3 27. fxg3 Qf6 28.
Bc1 Be7 29. Qd2 Qb6 30. Bh3 Be6 31. Bf5 Ndf8 32. Ne1 Qc7 33. Nf3 Bxb4 34. Qxb4
Qxc1+ 35. Ne1 Qe3+ 36. Kg2 Qe2+ 37. Kg1 Qh5 38. Qxb5 Bxf5 39. exf5 Qxf5 40. Nc4
Qd7 41. Qb8 Qg4 42. Kf2 e4 43. Qxa7 e3+ 44. Nxe3 dxe3+ 45. Qxe3 Nd7 46. Nf3 Nf6
47. Qc5 Qh3 48. Qc6 Ng4+ 49. Ke1 Qxg3+ 50. Kd2 Qf4+ 51. Kc2 N4e5 52. Qa8+ Kg7
53. Nd2 f5 54. Qg2 Kf6 0-1

[Event "Najdorf Mem Open A 2016"]
[Site "Warsaw POL"]
[Date "2016.07.12"]
[Round "5.56"]
[White "Skawinski, Arkadiusz"]
[Black "Cajbel, Maciej"]
[Result "1-0"]
[WhiteTitle "FM"]
[WhiteElo "2355"]
[BlackElo "2208"]
[WhiteFideId "1126415"]
[BlackFideId "1123475"]
[EventDate "2016.07.08"]

1. e4 c5 2. Nf3 e6 3. b3 a6 4. Bb2 Nc6 5. c4 d6 6. d4 cxd4 7. Nxd4 Qb6 8. g3 Nf6
9. Bg2 Be7 10. O-O Bd7 11. Nc2 O-O 12. Nc3 Rac8 13. Kh1 Rfd8 14. Qe2 Ne5 15.
Rab1 Bc6 16. f4 Ned7 17. Rbd1 Qa5 18. b4 Qb6 19. Ba3 Nf8 20. Nd4 Be8 21. Rfe1 a5
22. bxa5 Qxa5 23. Ndb5 N6d7 24. e5 Nb6 25. Bxd6 Bxd6 26. Rxd6 Rxd6 27. Nxd6 Qxc3
28. Nxc8 Nxc8 29. Bxb7 Nb6 30. Qe3 Qxe3 31. Rxe3 Nxc4 32. Rc3 Na5 33. Be4 Nd7
34. Rc8 Kf8 35. Ra8 Nc4 36. a4 Ke7 37. a5 Nc5 38. Rc8 Nxe4 39. Rxc4 Bb5 40. Rc7+
Ke8 41. Kg1 g6 42. Rc8+ Kd7 43. Rf8 Ke7 44. Rb8 Bd3 45. Rb3 Bc4 46. Rb4 Bd5 47.
a6 Nc5 48. a7 Na6 49. Rb8 Nc7 50. g4 h6 51. Kf2 Bc6 52. h4 Be4 53. h5 gxh5 54.
gxh5 Ne8 55. a8=Q Bxa8 56. Rxa8 Ng7 57. Rh8 Nxh5 58. Kf3 Ng7 59. Rxh6 Nf5 60.
Rh8 Nd4+ 61. Kg4 Ne2 62. Ra8 Nc3 63. Kg5 Nd5 64. Ra7+ Kf8 65. Ra5 Ne3 66. Kh6
Ng2 67. Kg5 Ne3 68. Kh6 Ng2 69. Ra4 Ne3 70. Ra8+ Ke7 71. Kg7 Nf5+ 72. Kg8 Nh6+
73. Kh7 Nf5 74. Rb8 Ne3 75. Kg8 f5 76. Rb7+ Ke8 77. Ra7 Nd5 78. Kg7 Nxf4 79. Kf6
Kd8 80. Ra4 Ne2 81. Kxe6 f4 82. Kd6 1-0

[Event "Najdorf Mem Open A 2016"]
[Site "Warsaw POL"]
[Date "2016.07.12"]
[Round "5.57"]
[White "Adamski, Jan"]
[Black "Kumala, Aleksander"]
[Result "1/2-1/2"]
[WhiteTitle "IM"]
[WhiteElo "2279"]
[BlackElo "2207"]
[WhiteFideId "1100190"]
[BlackFideId "1141880"]
[EventDate "2016.07.08"]

1. Nf3 Nf6 2. c4 e6 3. g3 d5 4. Bg2 Be7 5. d4 O-O 6. O-O dxc4 7. Qc2 a6 8. a4
Bd7 9. Ne5 Bc6 10. Nxc6 Nxc6 11. e3 Na5 12. Nd2 Nd5 13. Nxc4 Nxc4 14. Qxc4 a5
15. Rd1 c6 16. e4 Nb4 17. Be3 Rc8 18. Rac1 Qd7 19. Qb3 Rfd8 20. Bf3 h6 21. h4
Bf6 22. Bg4 Qe8 23. d5 cxd5 24. Rxc8 Rxc8 25. exd5 Nxd5 26. Rxd5 exd5 27. Bxc8
Qxc8 28. Qxd5 1/2-1/2

[Event "Najdorf Mem Open A 2016"]
[Site "Warsaw POL"]
[Date "2016.07.12"]
[Round "5.58"]
[White "Thorarinsson, Pall A."]
[Black "Piotrowski, Przemyslaw"]
[Result "1-0"]
[WhiteElo "2274"]
[BlackElo "2201"]
[WhiteFideId "2300923"]
[BlackFideId "1127063"]
[EventDate "2016.07.08"]

1. d4 Nf6 2. c4 g6 3. Nc3 Bg7 4. e4 d6 5. Nf3 O-O 6. Be2 e5 7. d5 Nh5 8. g3 f5
9. exf5 Bxf5 10. Ng5 Nf6 11. g4 Bd7 12. h4 c6 13. h5 h6 14. Nge4 g5 15. Nxf6+
Qxf6 16. Ne4 Qe7 17. c5 dxc5 18. d6 Qf7 19. Qc2 b6 20. Bxg5 hxg5 21. Bc4 Bh6 22.
Nf6+ 1-0

[Event "Najdorf Mem Open A 2016"]
[Site "Warsaw POL"]
[Date "2016.07.12"]
[Round "5.59"]
[White "Reza, Wojciech"]
[Black "Karpus, Michal"]
[Result "0-1"]
[BlackTitle "FM"]
[WhiteElo "2266"]
[BlackElo "2179"]
[WhiteFideId "1151967"]
[BlackFideId "1174088"]
[EventDate "2016.07.08"]

1. d4 Nf6 2. c4 g6 3. Nc3 d5 4. Bf4 Bg7 5. e3 O-O 6. Rc1 c5 7. dxc5 Qa5 8. cxd5
Ne4 9. Ne2 Nxc5 10. Nd4 e5 11. dxe6 Nxe6 12. Nb3 Bxc3+ 13. Rxc3 Qxa2 14. Bh6 Rd8
15. Qc1 Nc6 16. Be2 Qa4 17. h4 Nb4 18. Qb1 Nd5 19. Rd3 b6 20. Bf3 Ba6 21. Bxd5
Bxd3 22. Qxd3 Qb4+ 23. Kf1 Rxd5 24. Qxd5 Rd8 25. Qf3 Qxb3 26. g4 Qxb2 27. Kg2 a5
28. Rd1 Rxd1 29. Qxd1 Qf6 30. f4 Qd8 31. Qc2 Ng7 32. Qc3 Ne8 33. Kg3 Qf6 34. Qd3
Qe6 35. Qd4 b5 36. Qc5 Nd6 37. Qa7 a4 38. Qb8+ Ne8 39. Qxb5 Qxe3+ 40. Kg2 Nf6
41. Qa6 Qd2+ 42. Kg3 Qe1+ 43. Kg2 Qe6 44. Qxa4 Qe2+ 45. Kg1 Qxg4+ 46. Kf1 Qh3+
47. Kg1 Qc8 48. Qd4 Nh5 49. f5 Qa8 50. Qe3 Qd8 51. Qe5 Qd1+ 52. Kf2 Qc2+ 53. Kg1
Qb1+ 54. Kh2 Qa2+ 55. Kg1 Qa7+ 56. Kh2 Qa8 57. Kg1 Qd8 58. Kg2 f6 59. Qe6+ Kh8
60. fxg6 hxg6 61. Be3 Qb8 62. Kh1 Qc7 63. Qg4 Kh7 64. Kg2 Ng7 65. Bf2 Qc6+ 66.
Kg1 Qd5 67. Qf4 Nf5 68. Qg4 Kh6 69. Qe2 Qd6 70. Qg4 Qd3 71. Kh2 Qd6+ 72. Kg1 Qe5
73. Qf3 Qa1+ 74. Kh2 Qe5+ 75. Kg1 Nd6 76. Bg3 Qc5+ 77. Kh2 Qc2+ 78. Kg1 Ne4 79.
Qe3+ Kg7 80. Qa7+ Kf8 81. Qb8+ Ke7 82. Qa7+ Ke6 83. Qe3 Qd1+ 84. Kh2 Kd5 85. Qb6
Qe2+ 86. Kh3 Nxg3 87. Qxf6 Nh5 88. Qd8+ Ke4 89. Qd4+ Kf5 90. Qd5+ Qe5 91. Qd3+
Kf6 92. Qf1+ Qf5+ 93. Kh2 Qf4+ 0-1

[Event "Najdorf Mem Open A 2016"]
[Site "Warsaw POL"]
[Date "2016.07.12"]
[Round "5.60"]
[White "Andre, Gordon"]
[Black "Chomczyk, Marek"]
[Result "1-0"]
[WhiteElo "2254"]
[BlackElo "2167"]
[WhiteFideId "4655354"]
[BlackFideId "1125826"]
[EventDate "2016.07.08"]

1. d4 Nf6 2. c4 e6 3. Nc3 Bb4 4. Qc2 O-O 5. Bg5 d6 6. e3 Nbd7 7. Bd3 h6 8. Bh4
b6 9. Ne2 Bb7 10. O-O Bxc3 11. Nxc3 c5 12. Rad1 Qc7 13. Nb5 Qc6 14. d5 exd5 15.
cxd5 Nxd5 16. Bh7+ Kh8 17. Be4 Qxb5 18. Bxd5 Bxd5 19. Rxd5 Ne5 20. Rfd1 Kg8 21.
Bg3 Nc6 22. Rxd6 Nb4 23. Qf5 Qe2 24. Be5 f6 25. Bc3 Rae8 26. a3 Na6 27. Qg6 Nc7
28. R6d2 Qc4 29. Rd7 Rf7 30. Rxc7 Rxc7 31. Qxe8+ Kh7 32. Qd8 1-0

[Event "Najdorf Mem Open A 2016"]
[Site "Warsaw POL"]
[Date "2016.07.12"]
[Round "5.61"]
[White "Kowalczyk, Rafal"]
[Black "Michalczak, Thomas"]
[Result "1-0"]
[BlackTitle "FM"]
[WhiteElo "2204"]
[BlackElo "2249"]
[WhiteFideId "1133853"]
[BlackFideId "4622634"]
[EventDate "2016.07.08"]

1. e4 c5 2. c3 Nf6 3. e5 Nd5 4. Nf3 Nc6 5. d4 cxd4 6. Bc4 Nb6 7. Bb3 d5 8. exd6
Qxd6 9. Na3 dxc3 10. Qe2 cxb2 11. Bxb2 Qb4+ 12. Kf1 Bg4 13. Rd1 e6 14. h3 Bxf3
15. gxf3 Na4 16. Nb5 Nxb2 17. Nc7+ Ke7 18. Nd5+ Ke8 19. Nxb4 Nxd1 20. Nxc6 Nxf2
21. Ne5 Nxh1 22. Qb5+ Ke7 23. Qxb7+ Kf6 24. Ng4+ 1-0

[Event "Najdorf Mem Open A 2016"]
[Site "Warsaw POL"]
[Date "2016.07.12"]
[Round "5.62"]
[White "Tomaszewski, Kacper"]
[Black "Strugnell, Carl"]
[Result "1/2-1/2"]
[BlackTitle "FM"]
[WhiteElo "2172"]
[BlackElo "2238"]
[WhiteFideId "1127373"]
[BlackFideId "616753"]
[EventDate "2016.07.08"]

1. d4 Nf6 2. c4 e6 3. Nc3 Bb4 4. f3 d5 5. a3 Bxc3+ 6. bxc3 c5 7. cxd5 exd5 8. e3
Qc7 9. Ne2 O-O 10. g4 b6 11. Bg2 Ba6 12. O-O Nc6 13. Re1 h6 14. Nf4 Rfe8 15. h4
cxd4 16. cxd4 g5 17. hxg5 hxg5 18. Nh3 Qg3 19. Bb2 Kg7 20. Qd2 Rh8 21. e4 Rxh3
22. Qxg5+ Kf8 23. a4 Qh2+ 24. Kf2 dxe4 25. Ba3+ Ne7 26. Bxe7+ Kxe7 27. Rxe4+ Kf8
28. Qxf6 Qg3+ 29. Kg1 Rh2 30. Qe7+ Kg8 31. Qg5+ Kh7 32. Qf5+ Kg8 33. Qg5+ 1/2-1/2

[Event "Najdorf Mem Open A 2016"]
[Site "Warsaw POL"]
[Date "2016.07.12"]
[Round "5.63"]
[White "Garbowski, Jakub"]
[Black "Dabrowska, Krystyna"]
[Result "1/2-1/2"]
[BlackTitle "WGM"]
[WhiteElo "2102"]
[BlackElo "2228"]
[WhiteFideId "1164929"]
[BlackFideId "1104454"]
[EventDate "2016.07.08"]

1. e4 e5 2. Nf3 d6 3. d4 exd4 4. Nxd4 g6 5. Be2 Bg7 6. O-O Nf6 7. Nc3 O-O 8. f4
Nc6 9. Be3 Bd7 10. Nb3 Re8 11. Bf3 a5 12. Nd2 Qc8 13. h3 h5 14. Re1 Rb8 15. a4
Nh7 16. Nc4 Be6 17. Nd5 f5 18. exf5 Bxf5 19. c3 Nf6 20. Nxf6+ Bxf6 21. Nxa5 Nxa5
22. Qd5+ Kh7 23. Qxa5 c6 24. Qb6 Qd7 25. Bd4 Bd8 26. Qb3 Rf8 27. Rad1 Bh4 28.
Bf2 Bxf2+ 29. Kxf2 b5 30. Kg1 Qa7+ 31. Kh1 bxa4 32. Qa3 c5 33. Rxd6 Rb3 34. Qa2
Qb8 35. Qxa4 Rxb2 36. Qc6 Rb1 37. Rxb1 Qxb1+ 38. Kh2 Qc1 39. Qc7+ Kh6 40. Rb6
Bd3 41. Qd6 Qxf4+ 42. Qxf4+ Rxf4 43. Bd5 h4 44. Re6 c4 45. Kg1 Rf1+ 46. Kh2 Rf2
47. Kg1 Rc2 48. Be4 Rxc3 49. Bd5 1/2-1/2

[Event "Najdorf Mem Open A 2016"]
[Site "Warsaw POL"]
[Date "2016.07.12"]
[Round "5.64"]
[White "Dzierzak, Radoslaw"]
[Black "Buckels, Valentin"]
[Result "1-0"]
[WhiteElo "2204"]
[BlackElo "2332"]
[WhiteFideId "1161407"]
[BlackFideId "12942766"]
[EventDate "2016.07.08"]

1. e4 e5 2. Nf3 Nc6 3. Bb5 a6 4. Ba4 Nf6 5. O-O d6 6. c3 Bg4 7. h3 Bh5 8. d3 Be7
9. Nbd2 O-O 10. Re1 b5 11. Bb3 d5 12. exd5 Nxd5 13. Nf1 Bc5 14. Ng3 Bg6 15. Nxe5
Nxe5 16. Rxe5 Bxf2+ 17. Kxf2 Qf6+ 18. Qf3 Qxe5 19. Qxd5 Qf6+ 20. Qf3 Qxf3+ 21.
gxf3 Bxd3 22. Bf4 c5 23. Bd6 Rfc8 24. Bd5 Ra7 25. Be4 Bxe4 26. Nxe4 c4 27. Bc5
Rd7 28. Bd4 Kf8 29. Rg1 f6 30. Bc5+ Rxc5 31. Nxc5 Rd2+ 32. Kg3 Rxb2 33. Rg2 Rb1
34. Nxa6 Rc1 35. Nc7 Rxc3 36. Nxb5 Rc1 37. Kf4 c3 38. Nd4 Rd1 39. Nb5 Rc1 40.
Nd4 Rd1 41. Ke3 Rh1 42. Kd3 Rxh3 43. Kxc3 Rh1 44. a4 Ra1 45. Kb4 g5 46. a5 h5
47. Nb3 Re1 48. a6 Kf7 49. a7 Re8 50. Kb5 Kg6 51. Ra2 Ra8 52. Nd4 g4 53. Kb6 Kg5
54. Kb7 Rf8 55. a8=Q Rxa8 56. Rxa8 Kf4 57. Rf8 g3 58. Rxf6+ Ke3 59. Rg6 Kf2 60.
f4 h4 61. Nf5 1-0

[Event "Najdorf Mem Open A 2016"]
[Site "Warsaw POL"]
[Date "2016.07.12"]
[Round "5.65"]
[White "Szostko, Jakub"]
[Black "Flak, Pawel"]
[Result "1/2-1/2"]
[WhiteTitle "FM"]
[WhiteElo "2246"]
[BlackElo "2204"]
[WhiteFideId "1174282"]
[BlackFideId "1117548"]
[EventDate "2016.07.08"]

1. e4 Nf6 2. e5 Nd5 3. d4 d6 4. Bc4 Nb6 5. Bb3 Bf5 6. Qf3 Qc8 7. Ne2 e6 8. Qg3
a5 9. a4 Na6 10. c3 dxe5 11. Qxe5 Qd7 12. Ng3 Bg6 13. O-O h5 14. Re1 h4 15. Nf1
Rh5 16. Qe2 h3 17. g3 Rh8 18. Bg5 Nd5 19. Qf3 c6 20. Nbd2 Nac7 21. Nc4 f6 22.
Bf4 Bf7 23. Nfe3 Be7 24. Bxc7 Qxc7 25. Rac1 Kf8 26. Nd2 Re8 27. Ne4 Qb6 28. Nd2
Qd8 29. Nec4 b5 30. axb5 cxb5 31. Ne3 g6 32. Ndf1 Nc7 33. Rcd1 Kg7 34. d5 exd5
35. Nxd5 Nxd5 36. Bxd5 Bxd5 37. Rxd5 Qa8 38. Qd3 b4 39. Ne3 bxc3 40. Qxc3 Bb4
41. Rd7+ Re7 42. Rxe7+ Bxe7 43. Qc7 Re8 44. Qd7 Qc8 45. Qa7 Qa8 46. Qd7 Qc8 47.
Qa7 Qc6 48. Rd1 Kf8 49. Qxa5 Bc5 50. Qa2 Kg7 51. Qd5 Qxd5 52. Nxd5 Re2 53. Nf4
Bxf2+ 54. Kf1 Rc2 55. Nxh3 Bb6 56. Rd7+ Kh6 57. Rd6 Rxb2 58. Rxf6 Bd4 59. Rd6
Rxh2 60. Nf4 Be5 61. Rxg6+ Kh7 62. Rg4 Bxf4 63. gxf4 Ra2 64. Rg2 Rxg2 65. Kxg2
Kg6 66. Kg3 Kf5 67. Kf3 1/2-1/2

[Event "Najdorf Mem Open A 2016"]
[Site "Warsaw POL"]
[Date "2016.07.12"]
[Round "5.66"]
[White "Fieberg, Samuel"]
[Black "Wisniewski, Michal"]
[Result "0-1"]
[WhiteElo "2132"]
[BlackElo "2235"]
[WhiteFideId "12901717"]
[BlackFideId "1159682"]
[EventDate "2016.07.08"]

1. e4 c5 2. Nf3 d6 3. d4 cxd4 4. Nxd4 Nf6 5. Nc3 g6 6. g3 Nc6 7. Bg2 Bg7 8. Nxc6
bxc6 9. e5 Nd5 10. Nxd5 cxd5 11. Qxd5 Rb8 12. exd6 O-O 13. O-O exd6 14. c3 Be6
15. Qd3 Qc7 16. Rd1 Rfd8 17. Bg5 Rd7 18. Rd2 Qa5 19. Be3 d5 20. Qe2 Qa4 21. Bd4
Bxd4 22. Rxd4 Qb5 23. Qxb5 Rxb5 24. b3 Rc7 25. Rc1 Ra5 26. a4 Rac5 27. Rd3 Rc8
28. Kf1 Rb8 29. b4 Rxb4 30. cxb4 Rxc1+ 31. Ke2 Rc4 32. Rb3 Rc2+ 33. Ke1 d4 34.
Ra3 Rb2 35. b5 Bc4 36. Bf3 d3 37. Rc3 d2+ 38. Kd1 Bb3+ 39. Rxb3 Rxb3 40. Be4 Rb4
41. Bc2 Rd4 42. a5 Kg7 43. b6 axb6 44. axb6 Rb4 45. Kxd2 Rxb6 46. h4 Kf6 47. Ke3
h6 48. Kf3 Ke5 49. Ke3 Rc6 50. f4+ Kf6 51. Be4 Rc3+ 52. Kf2 h5 53. Bb1 Ke6 54.
Be4 f5 55. Bb7 Kd6 56. Ba8 Kc5 57. Bb7 Kd4 58. Ba6 Rb3 59. Bf1 Rb2+ 60. Kf3 Rb1
61. Ba6 Rb3+ 62. Kf2 Ke4 63. Bc8 Rb2+ 0-1

[Event "Najdorf Mem Open A 2016"]
[Site "Warsaw POL"]
[Date "2016.07.12"]
[Round "5.67"]
[White "Rey, Fabrice"]
[Black "Eswaran, Ashritha"]
[Result "0-1"]
[BlackTitle "WIM"]
[WhiteElo "2128"]
[BlackElo "2211"]
[WhiteFideId "606820"]
[BlackFideId "2080788"]
[EventDate "2016.07.08"]

1. d4 Nf6 2. c4 e6 3. Nf3 c5 4. d5 exd5 5. cxd5 d6 6. Nc3 g6 7. g3 Bg7 8. Bg2
O-O 9. O-O Na6 10. Nd2 Nc7 11. Nc4 b5 12. Nxd6 Qxd6 13. Bf4 Qb6 14. d6 Ne6 15.
Bxa8 Nxf4 16. gxf4 Bh3 17. Bg2 Bxg2 18. Kxg2 b4 19. Na4 Qc6+ 20. Kg1 Nd5 21. e3
Rd8 22. b3 Bxa1 23. Qxa1 Nb6 24. Nxb6 axb6 25. Rd1 Rxd6 26. Qc1 b5 27. Rd2 Qd7
28. Rxd6 Qxd6 29. Qf1 Qd7 30. Qc1 Qd5 31. Qf1 c4 32. bxc4 bxc4 33. Qb1 c3 34.
Qxb4 Qd1+ 35. Kg2 c2 36. Qb8+ Kg7 37. Qe5+ f6 38. Qe7+ Kh6 39. Qxf6 Qg4+ 0-1

[Event "Najdorf Mem Open A 2016"]
[Site "Warsaw POL"]
[Date "2016.07.13"]
[Round "6.2"]
[White "Krasenkow, Michal"]
[Black "Kovalenko, Igor"]
[Result "1/2-1/2"]
[WhiteTitle "GM"]
[BlackTitle "GM"]
[WhiteElo "2614"]
[BlackElo "2667"]
[WhiteFideId "1113100"]
[BlackFideId "14117908"]
[EventDate "2016.07.08"]

1. Nf3 Nf6 2. c4 g6 3. Nc3 Bg7 4. e4 d6 5. d4 O-O 6. h3 e5 7. d5 Nh5 8. g3 a5 9.
Nh2 Na6 10. Be2 Nf6 11. Ng4 Nd7 12. Nh6+ Kh8 13. h4 Ndc5 14. g4 f5 15. h5 f4 16.
hxg6 Bxh6 17. Rxh6 Kg7 18. Rxh7+ Kxg6 19. Rh5 Rh8 20. Bf3 Rxh5 21. gxh5+ Kh6 22.
Ke2 Qg5 23. Bd2 Bg4 24. Qh1 Rg8 25. Bxg4 Qxg4+ 26. Qf3 Nb4 27. Qxg4 Rxg4 28. Rh1
Rg7 29. Kf3 b6 30. b3 Nbd3 31. Rb1 Rg5 32. a3 a4 33. Nxa4 Rxh5 34. Nxc5 Nxc5 35.
b4 Nb3 36. Be3 fxe3 37. Rxb3 exf2 38. Kxf2 Rh2+ 39. Kg3 Rc2 40. a4 Rxc4 41. a5
bxa5 42. bxa5 Ra4 43. Rc3 Kg5 44. Rxc7 Ra3+ 45. Kg2 Kf4 46. Rd7 Kxe4 47. Rxd6
Rxa5 48. Rb6 Rxd5 49. Kf2 Rd2+ 50. Ke1 Ke3 51. Rb3+ Rd3 52. Rb2 e4 53. Re2+ Kf4
54. Rh2 Ra3 55. Rh4+ Ke5 56. Rh8 Kd4 57. Re8 Ke3 58. Kf1 Ra1+ 59. Kg2 Rd1 60.
Re7 Rd6 61. Kf1 Rd1+ 62. Kg2 Re1 63. Ra7 Rc1 64. Re7 Kd3 65. Kf2 Rc2+ 66. Ke1
Rc8 67. Re6 Rh8 68. Re7 Rh3 69. Re8 Re3+ 70. Kd1 Rh3 71. Ke1 Ke3 72. Kf1 Rh1+
73. Kg2 Rh7 74. Kf1 Rf7+ 75. Ke1 Kf3 76. Re6 Ra7 77. Re8 1/2-1/2

[Event "Najdorf Mem Open A 2016"]
[Site "Warsaw POL"]
[Date "2016.07.13"]
[Round "6.3"]
[White "Areshchenko, Alexander"]
[Black "Fier, Alexandr"]
[Result "1-0"]
[WhiteTitle "GM"]
[BlackTitle "GM"]
[WhiteElo "2654"]
[BlackElo "2616"]
[WhiteFideId "14109530"]
[BlackFideId "2107139"]
[EventDate "2016.07.08"]

1. e4 c5 2. Nf3 e6 3. d4 cxd4 4. Nxd4 Nc6 5. Nc3 Qc7 6. Be2 a6 7. O-O Nf6 8. Be3
Be7 9. f4 d6 10. Qe1 O-O 11. Qg3 Nxd4 12. Bxd4 b5 13. a3 Bb7 14. Kh1 Bc6 15.
Rae1 Qb7 16. Bd3 b4 17. Nd1 bxa3 18. bxa3 g6 19. Nf2 Rfc8 20. Qh3 Qd7 21. Ba1
Bb5 22. e5 dxe5 23. fxe5 Nd5 24. Ne4 Bxd3 25. cxd3 h5 26. g4 hxg4 27. Qxg4 Kg7
28. Nd6 Rf8 29. Rf3 Bxd6 30. exd6+ f6 31. Rxe6 Rae8 32. Rg3 Qf7 33. Re4 Rd8 34.
Re7 Nxe7 35. dxe7 Rb8 36. exf8=Q+ Kxf8 37. Rg1 1-0

[Event "Najdorf Mem Open A 2016"]
[Site "Warsaw POL"]
[Date "2016.07.13"]
[Round "6.4"]
[White "Jumabayev, Rinat"]
[Black "Bartel, Mateusz"]
[Result "0-1"]
[WhiteTitle "GM"]
[BlackTitle "GM"]
[WhiteElo "2613"]
[BlackElo "2649"]
[WhiteFideId "13702661"]
[BlackFideId "1112635"]
[EventDate "2016.07.08"]

1. d4 d5 2. c4 c6 3. Nf3 Nf6 4. e3 Bf5 5. Nc3 e6 6. Nh4 Be4 7. f3 Bg6 8. Qb3 Qc7
9. Bd2 Be7 10. O-O-O dxc4 11. Bxc4 b5 12. Be2 Nbd7 13. Nxg6 hxg6 14. Ne4 a6 15.
Kb1 Rc8 16. g3 Nxe4 17. fxe4 c5 18. e5 Qb7 19. Rc1 O-O 20. Rhf1 Qg2 21. Qd1 cxd4
22. Rxc8 Rxc8 23. Bf3 Qxh2 24. exd4 Nxe5 25. Bb7 Nc4 26. Bc1 Rc7 27. Bxa6 Bg5
28. Ka1 Bxc1 29. Qxc1 Qxg3 30. Rg1 Ne3 0-1

[Event "Najdorf Mem Open A 2016"]
[Site "Warsaw POL"]
[Date "2016.07.13"]
[Round "6.5"]
[White "Melkumyan, Hrant"]
[Black "Tabatabaei, M.amin"]
[Result "1-0"]
[WhiteTitle "GM"]
[BlackTitle "IM"]
[WhiteElo "2640"]
[BlackElo "2481"]
[WhiteFideId "13302485"]
[BlackFideId "12521213"]
[EventDate "2016.07.08"]

1. c4 Nf6 2. g3 c6 3. Nf3 d5 4. b3 Bf5 5. Bb2 e6 6. Bg2 Be7 7. O-O O-O 8. d3 h6
9. Nbd2 Nbd7 10. a3 a5 11. Ra2 Bh7 12. Qa1 Nc5 13. Bc3 b5 14. Ne5 Qb6 15. cxd5
cxd5 16. Bd4 Qb7 17. Rc1 Ncd7 18. Nc6 Bd6 19. Rac2 Rfe8 20. Nf3 Bf8 21. Nfe5
Nxe5 22. Nxe5 Rac8 23. Nc6 Qa6 24. a4 bxa4 25. Qxa4 Ra8 26. Bc5 Nd7 27. Bxf8
Kxf8 28. Nd4 Ne5 29. Nb5 1-0

[Event "Najdorf Mem Open A 2016"]
[Site "Warsaw POL"]
[Date "2016.07.13"]
[Round "6.6"]
[White "Khairullin, Ildar"]
[Black "Gajewski, Grzegorz"]
[Result "1/2-1/2"]
[WhiteTitle "GM"]
[BlackTitle "GM"]
[WhiteElo "2629"]
[BlackElo "2605"]
[WhiteFideId "4151348"]
[BlackFideId "1116207"]
[EventDate "2016.07.08"]

1. d4 Nf6 2. c4 e6 3. Nf3 d5 4. Nc3 Bb4 5. e3 O-O 6. Bd3 c5 7. O-O cxd4 8. exd4
dxc4 9. Bxc4 b6 10. Qe2 Nc6 11. Rd1 Na5 12. Bd3 Bb7 13. Bg5 1/2-1/2